000 00855nam a22001937a 4500
005 20171207162827.0
010 _aBAC-05-12-17
020 _a978 8188672181
_c100.00
035 _aG-001150
037 _bसाहित्यशिला प्रकाशन
082 _a921
100 _aसंधे, जगन्नाथ
245 _aशहीद मदनलाल ढींगरा /
_cजगन्नाथ संधे
260 _aदिल्ली
_bसाहित्यशिला प्रकाशन
_c2014
270 _a598-बी, पांडव रोड़, विश्वास नगर, शाहदरा
_bदिल्ली
_k
_e110032
300 _a56पृ.
_b
_c22 सेमी (सजिल्द)
700 _aसपरा, चारू
_934156
942 _2ddc
_cCH
_h921
_mढ़ीगरा
999 _c147902
_d147902